000 00555nam a2200229Ia 4500
003 OSt
005 20220924142051.0
006 a|||||r|||| 00| 0
007 ta
008 220923b |||||||| |||| 00| 0 ben d
024 _a300251
037 _cTextual
040 _aARTS
_cARTS
_bben
041 _2ben
_aben
082 _aU8:5:N5, 157J9
100 _aChattopadhyay
_9176213
245 0 _aDover perya
260 _c1959
650 _aGEOGRAPHY
942 _hU8:5:N5, 157J9
_cTEXL
_2CC
999 _c449140
_d449140